00882nam a22001697a 4500003000900000008004100009040007100050082002600121245012300147260002500270300004500295440007300340505024500413650001500658650002600673650001300699AR-CdUCM190605b ||||| |||| 00| 0 spa d aMUNICIPALIDAD PROVINCIAL DEL CUSCOcBIBLIOTECA MUNICIPAL DEL CUSCO aMachupicchu/N°8/2007 aLa Revista Machupicchu /bperiodismo de investigación análisis y opinióncWilbert Huamán Rodríguez, Director aCusco.b[sn],c2007. a22 páginas. :bilustraciones ;c28 cm. aLa Revista Machupicchu.nAño 03, edición 8, febrero-marzo 2007. aContenido: Seis meses de gobierno de Alan García. -- Detenidos por actos de terrorismo no todos son de Sendero Luminoso. -- Calca nuevo destino turístico. -- Apostando por el cambio Marasal. -- Remembranzas del Carnaval cusqueño. ... aCarnavales aPeriodismo cusqueño aSiglo XX